Ixtapa-Zihuatanejo Int. Airport Destinations (Ixtapa Zihuatanejo, Mex) - Statistics

General Stats
  • This quiz has been taken 34 times
    10 since last reset
  • The average score is 16 of 19
Answer Stats
Airline Destination % Correct
United Airlines/Volaris Chicago (O'Hare)
100%
American Eagle Dallas/Fort Worth
100%
United Express Houston (Intercontinental)
100%
Alaska Airlines/United Express Los Angeles
100%
Aeroméxico Connect/Viva/Volaris Mexico City
100%
Mexicana de Aviación/Viva Mexico City (AIFA)
100%
Air Canada Montréal (Trudeau)
100%
Air Canada/WestJet Vancouver
100%
WestJet Calgary
90%
Viva Monterrey
90%
American Airlines/American Eagle Phoenix (Sky Harbor)
90%
Alaska Airlines San Francisco
90%
Air Canada Toronto (Pearson)
90%
Volaris Guadalajara
80%
Sun Country Airlines Minneapolis/St. Paul
80%
Volaris Tijuana
70%
Volaris Puebla
40%
Volaris Querétaro
30%
Volaris Morelia
20%
No matching quizzes found
Score Distribution
Percent of People with Each Score
Percentile by Number Answered
Your Score History
You have not taken this quiz since the last reset